000
00339cam a2200145ua 4500
041
_a
eng
_h
082
_a
822
_b
SPI/TH
100
_a
Spink, Reginald .
245
0
0
_a
Three comedies /
_c
Reginald Spink.
_h
Textual Documents
260
_a
London :
_b
Heinemann ,
_c
1972.
300
_a
91 ; .
504
_a
942
_c
BK
999
_c
667
_d
667